Plan de negocio, para la ampliación de la línea de producción de café procesado en el Beneficio de café Matagalpa Coffee Group S. A, en la ciudad de Matagalpa, en el periodo 2019-2021.
La investigación presenta un plan de Plan de negocio, para la ampliación de la línea de producción de café procesado en el Beneficio de café Matagalpa Coffee Group S. A, en la ciudad de Matagalpa. La importancia de este estudio radica en los beneficios y la optimización de recursos que se pu...
| Main Authors: | , , |
|---|---|
| Other Authors: | |
| Format: | Tesis Section = Libro |
| Language: | Undetermined Spanish |
| Published: |
Managua
UNI
2019
|
| Subjects: |
| LEADER | 01463nam a2200301Ia 4500 | ||
|---|---|---|---|
| 008 | 240830s9999 xx 000 0 und d | ||
| 040 | |a BIBLIOTECA-RUPAP Mon 658.11 J61 | ||
| 041 | |a spa | ||
| 082 | |a Mon 658.11 J61 | ||
| 100 | 1 | |a Jirón Romero, Karen Lisbeth | |
| 100 | 1 | |b Rizo Chavarría, Alexander Joel | |
| 100 | 1 | |c Rodríguez Martínez, Ana Corina. | |
| 245 | 1 | 0 | |a Plan de negocio, para la ampliación de la línea de producción de café procesado en el Beneficio de café Matagalpa Coffee Group S. A, en la ciudad de Matagalpa, en el periodo 2019-2021. |
| 260 | |a Managua |b UNI |c 2019 | ||
| 300 | |a 165 p. :il. | ||
| 500 | |a Contiene: anexos y CD. | ||
| 502 | |a Tesis (Ingeniero Industrial)- UNI, 2019. | ||
| 520 | 3 | |a La investigación presenta un plan de Plan de negocio, para la ampliación de la línea de producción de café procesado en el Beneficio de café Matagalpa Coffee Group S. A, en la ciudad de Matagalpa. La importancia de este estudio radica en los beneficios y la optimización de recursos que se pueda generar a la empresa asi como, la agregación de valores a sus procesos y materia prima. | |
| 650 | 7 | |a EMPRESAS-PROYECTOS | |
| 650 | 7 | |b ESTUDIO DE MERCADO | |
| 650 | 7 | |c ESTUDIO DE MERCADO | |
| 650 | 7 | |d CAFÉ PROCESADO-INDUSTRIA Y COMERCIO | |
| 650 | 7 | |e CAFÉ-PRODUCCION | |
| 650 | 7 | |f NEGOCIOS-PLANEACION | |
| 700 | 1 | |a Tutor: |b Navarro Zeledón, Mauricio | |
| 942 | |c BK |2 ddc | ||
| 991 | |a TESIS | ||
| 999 | |c 16934 | ||